<?xml version="1.0" encoding="UTF-8"?>
<record
    xmlns:xsi="http://www.w3.org/2001/XMLSchema-instance"
    xsi:schemaLocation="http://www.loc.gov/MARC21/slim http://www.loc.gov/standards/marcxml/schema/MARC21slim.xsd"
    xmlns="http://www.loc.gov/MARC21/slim">

  <leader>01950cam a22002898a 4500</leader>
  <controlfield tag="001">4849952</controlfield>
  <controlfield tag="005">20220326193313.0</controlfield>
  <controlfield tag="008">030912s2003    enk           100 0 eng  </controlfield>
  <datafield tag="015" ind1=" " ind2=" ">
    <subfield code="a">GBA3-U5181</subfield>
  </datafield>
  <datafield tag="020" ind1=" " ind2=" ">
    <subfield code="a">1854891529</subfield>
  </datafield>
  <datafield tag="020" ind1=" " ind2=" ">
    <subfield code="a">1854891537 (pbk.) :</subfield>
    <subfield code="c">&#xA3;14.95</subfield>
  </datafield>
  <datafield tag="035" ind1=" " ind2=" ">
    <subfield code="a">(OCoLC)ocm53068566</subfield>
  </datafield>
  <datafield tag="035" ind1=" " ind2=" ">
    <subfield code="a">(NNC)4849952</subfield>
  </datafield>
  <datafield tag="040" ind1=" " ind2=" ">
    <subfield code="a">UKM</subfield>
    <subfield code="c">UKM</subfield>
    <subfield code="d">OCLCQ</subfield>
    <subfield code="d">NNC</subfield>
  </datafield>
  <datafield tag="082" ind1="0" ind2="4">
    <subfield code="a">707</subfield>
    <subfield code="b">P213c</subfield>
  </datafield>
  <datafield tag="100" ind1=" " ind2=" ">
    <subfield code="a">Papastergiadis, Nikos</subfield>
    <subfield code="9">2190</subfield>
  </datafield>
  <datafield tag="245" ind1="0" ind2="0">
    <subfield code="a">Complex entanglements :</subfield>
    <subfield code="b">art, globalisation and cultural difference /</subfield>
    <subfield code="c">edited by Nikos Papastergiadis.</subfield>
  </datafield>
  <datafield tag="260" ind1=" " ind2=" ">
    <subfield code="a">London :</subfield>
    <subfield code="b">Rivers Oram,</subfield>
    <subfield code="c">2003.</subfield>
  </datafield>
  <datafield tag="300" ind1=" " ind2=" ">
    <subfield code="a">x, 244 p. ;</subfield>
    <subfield code="c">24 cm.</subfield>
  </datafield>
  <datafield tag="505" ind1=" " ind2=" ">
    <subfield code="t">Notes of the contributor</subfield>
    <subfield code="r">Foreword by Nicholas Tsoutas </subfield>
    <subfield code="t">South-south-south </subfield>
    <subfield code="r">Nikos Papastergiadis </subfield>
    <subfield code="t">Alien-Own/ Own Alien   Notes on Globalisation and cultural difference</subfield>
    <subfield code="r">Gerardo Mosquera</subfield>
    <subfield code="t">Cultural Translation in a Globalised World </subfield>
    <subfield code="r">Ien Ang </subfield>
    <subfield code="t">Dreaming Art </subfield>
    <subfield code="r">Marcia Lantong </subfield>
    <subfield code="t">Parallel Universe, Other Worlds </subfield>
    <subfield code="r">Hetti Perkins </subfield>
    <subfield code="t">Towards a metaethic of shit </subfield>
    <subfield code="r">Jean Fisher </subfield>
    <subfield code="t">Jet - Lang Mambo</subfield>
    <subfield code="r">Carlos Capelan </subfield>
    <subfield code="t">Performance Art  in digital age </subfield>
    <subfield code="r">Ricardo Dominguez and coco Fusco </subfield>
    <subfield code="t">New Media, Culture, Identity </subfield>
    <subfield code="r">Jhon Conomos </subfield>
    <subfield code="t">Come What May Beyond The Emperor&#xB4;s New Clothes </subfield>
    <subfield code="r">Rasheed Araeen </subfield>
    <subfield code="t">Culture identity and boredom transculturalism  its Ecstasy </subfield>
    <subfield code="r">Nikos Papastergiadis </subfield>
    <subfield code="t">Multicultural Sites  Practices Un/ Homeliness</subfield>
    <subfield code="r">Sneja Gunew </subfield>
    <subfield code="t">When The people Take to the street Ersatz culture&#xB4;s contents and discontents </subfield>
    <subfield code="r">Paul Carter </subfield>
    <subfield code="t">The shrinking society  ethics and hope in the era of global capitalism </subfield>
    <subfield code="r">Ghassan Hage </subfield>
    <subfield code="t">Looking back and looking forward policies of multiculturalism and the arts im australia </subfield>
    <subfield code="r">Fazal Rizvi</subfield>
  </datafield>
  <datafield tag="650" ind1=" " ind2="0">
    <subfield code="a">Multiculturalism</subfield>
    <subfield code="v">Congresses.</subfield>
    <subfield code="9">2191</subfield>
  </datafield>
  <datafield tag="650" ind1=" " ind2="0">
    <subfield code="a">Multiculturalism in art</subfield>
    <subfield code="v">Congresses.</subfield>
    <subfield code="9">2192</subfield>
  </datafield>
  <datafield tag="650" ind1=" " ind2="0">
    <subfield code="a">Arts and society</subfield>
    <subfield code="v">Congresses.</subfield>
    <subfield code="9">605</subfield>
  </datafield>
  <datafield tag="650" ind1=" " ind2="0">
    <subfield code="a">Arts</subfield>
    <subfield code="x">Political aspects</subfield>
    <subfield code="v">Congresses.</subfield>
    <subfield code="9">2193</subfield>
  </datafield>
  <datafield tag="700" ind1="1" ind2=" ">
    <subfield code="a">Papastergiadis, Nikos,</subfield>
    <subfield code="d">1962-</subfield>
    <subfield code="9">864</subfield>
  </datafield>
  <datafield tag="999" ind1=" " ind2=" ">
    <subfield code="c">457</subfield>
    <subfield code="d">457</subfield>
  </datafield>
  <datafield tag="952" ind1=" " ind2=" ">
    <subfield code="0">0</subfield>
    <subfield code="1">0</subfield>
    <subfield code="2">ddc</subfield>
    <subfield code="4">0</subfield>
    <subfield code="7">0</subfield>
    <subfield code="a">LV</subfield>
    <subfield code="b">LV</subfield>
    <subfield code="c">Pensamiento</subfield>
    <subfield code="d">2015-03-18</subfield>
    <subfield code="l">0</subfield>
    <subfield code="o">707 P213c</subfield>
    <subfield code="p">000387</subfield>
    <subfield code="r">2015-03-18 00:00:00</subfield>
    <subfield code="w">2015-03-18</subfield>
    <subfield code="y">01</subfield>
  </datafield>
</record>
